Išeu Macek..

Bibliographic Details
Main Author: Hajdin, Štefan (Author)
Format: Book
Language:Slovak
PhysicalDescription:176 s., 10,40 AH 21 cm
Published: Bratislava Príroda 1982
Edition:2. vyd.
Subjects:

MARC

LEADER 00000nam a2200000 a 4500
001 vtls001099173
003 SK-MaSNL
005 20260413115312.0
008 250414s1982 xo 0 slo
015 |a SNBA1982/09 
035 |a SNK000042015 
040 |a SNK  |b slo  |c SNK  |e AACR2 
041 0 |a slo 
044 |a xo  |c SK 
080 |a 885.4-7  |2 1981 
100 1 |a Hajdin, Štefan  |4 aut  |9 450546 
245 1 0 |a Išeu Macek..  |c Štefan Hajdin ; Juraj Deák 
250 |a 2. vyd. 
260 |a Bratislava  |b Príroda  |c 1982  |e Trnava  |f Polygrafické závody 
300 |a 176 s., 10,40 AH  |c 21 cm 
366 |e 15000 výtl. 
500 |a Ilustr. na front. Slovníček. 
651 7 |a 5208  |2 SNK  |9 277766 
700 1 |a Deák, Juraj,  |d 1935-2012  |4 bkd  |9 178178 
852 |a Slovenská národná knižnica 
958 |a OND 
958 |a LX 
958 |a TL 
999 |c 706629  |d 708559 
952 |t P60, <04>, [BOOK], {604}  |a SNK  |b SNK  |y VYP  |7 0  |p 17A0193427  |o snkSC 56012 D1  |0 0  |1 0  |4 0  |d 1999-05-14  |l 0  |r 2004-12-31 00:00:00  |w 2026-02-23